Escuela práctica para maestros /

Guardado en:
Autor Principal: Monjardin, María Adela L De
Formato: Libro
Publicado: Buenos Aires : Cyr, 0
Materias:
Etiquetas: Agregar Etiqueta
Sin Etiquetas, Sea el primero en etiquetar este registro!
LEADER 00501nam a22001815a 4500
001 CEM.cems004498
005 20060216000000.0
008 130507b######################000#0#####d
003 CEMS
082 0 4 |a 372 
100 1 |a Monjardin, María Adela L De 
245 1 0 |a Escuela práctica para maestros / 
260 |a Buenos Aires :  |b Cyr, 0 
300 |a 4 t. 
653 |a Educacion 
653 |a Educacion primaria 
653 |a Formacion docente 
859 |a CEMS  |b BIB. CEMS - 11 de abril  |h 372  |i M748/III  |p 9136.81  |t Ej.1